00929nam a2200157 u 450000100100000000500170001000800410002702000150006804000250008308200150010824502040012326000310032730000400035850503400039852100330073800001723820200929165046.0100322s2007 sp abc r 001 0 spa d a8495630001 aDO-SdBNPbspacBNPHU a036bP952e03aMi primaria gran enciclopedia visual educativa /: /cCreación y realización Thema equipo editorial ; dirección Sacramento Nieto ; ilustración e infografía Miguel Ángel Castaños [et al]. aBarcelona :bLexus,c2007. a894 p. :bil. map. retrs. ;c27 cm.2 aLos seres vivos -- Las plantas -- Los animales -- Nuestro cuerpo -- Los deportes -- Educación cívica -- El planeta tierra -- Conservación de la naturaleza -- La historia del hombre -- Aprender el español -- Aritmética -- Iniciación al álgebra -- Geometría -- Computación -- Física -- Química -- Tierras y pueblos. aPara estudiantes de primaria